Responses for Show #5111 - Monday, November 27, 2006

Jeff Spoeri game 6.

Contestants

[<< previous game]

Mary Voigt, a factory worker from Sheboygan, Wisconsin

Ryan Friedman, a GIS planner from Londonderry, New Hampshire

Jeff Spoeri, a university administrator from Boynton Beach, Florida (whose 5-day cash winnings total $104,103)

[next game >>]

Jeopardy! Round responses

THE U.S. CONSTITUTION
GUINNESS WORLD RECORDS
____ING
WHAT ABOUT ESTONIA?
WEAPONS OF LOCAL DESTRUCTION
THE 5th BEATLE
    $200 1
a soldier

Ryan
    $200 8
dominoes

Mary
    $200 3
Wyoming

Jeff
    $200 2
peat

Mary
    $200 30
tanks

Ryan
    $200 11
(Sir) George Martin

Triple Stumper
    $400 4
states

Jeff
    $400 9
kiss

Ryan
    $400 10
The Shining

Ryan
    $400 18
the United Nations

Mary
    $400 29
a hand grenade

Jeff
    $400 12
Pete Best

Jeff
    $1,000 5
(Jeff: Who is the vice president?)

the Chief Justice of the United States

Jeff
    $600 19
a piñata

Jeff
    $600 13
curling

Jeff
    $600 22
the Reformation

Mary
    $600 25
a Bowie knife

Ryan
    $600 16
(Stuart) Sutcliffe

Ryan
    $800 6
counsel

Jeff
    $800 20
the Human Cannonball

Jeff
    $800 14
the farthing

Mary
    $800 23
a flat income tax

Jeff
    $800 28
mace

Ryan
    $800 17
Brian Epstein

Jeff
    $1000 7
Morris

Mary
    $1000 21
phone books

Ryan
    $1000 15
(Jeff: What is Lightning?)

Mourning

JeffRyan
    $1000 24
(Alex: They were all in favor of [*].)

Realism

Triple Stumper
    $1000 26
(Jeff: What is dynamite?)

gunpowder

JeffMary
    $1000 27
Billy Preston

Mary

Scores at the first commercial break (after clue 15):

Jeff Ryan Mary
$400 $2,000 $2,200

Scores at the end of the Jeopardy! Round:

Jeff Ryan Mary
$2,800 $5,200 $5,200

Double Jeopardy! Round responses

COMPOSERS
MOVIE LOCALES
(Alex: You have to identify the city where each film is mainly set.)
BRIDGES
LIBROS EN ESPAÑOL
FILE UNDER "F"
THE 5 BEETLES
    $400 14
(John Philip) Sousa

Jeff
    $400 6
Detroit

Ryan
    $400 1
the Columbia

Jeff
    $400 22
Goosebumps

Ryan
    $400 9
force

Ryan
    $800 15
Wagner

Jeff
    $800 8
(Ryan: What is Hollywood?)
...
(Alex: The main locale was downtown [*].)

Los Angeles

Ryan
Triple Stumper
    $800 2
(Ryan: What are bicycles?)
(Mary: What are horse-drawn carriages?)

pedestrians

RyanMary
Triple Stumper
    $800 23
All the President's Men

Ryan
    $800 10
foyer

Ryan
    $1200 16
Ravel

Ryan
    $1200 19
Chicago

Ryan
    $1200 3
old

Mary
    $2,000 28
[The end-of-round signal sounds.]

The Last Tycoon

Mary
    $1200 11
flunkie

Triple Stumper
    $1200 21
the Goliath beetle

Mary
    $1600 17
(Mary: Who is Elmer Bernstein?)
...
(Alex: ...yes, not Elmer, the film composer.)

Leonard Bernstein

JeffMary
    $1600 20
San Francisco

Triple Stumper
    $1600 4
Laos

Ryan
    $1600 26
Midnight in the Garden of Good and Evil

Jeff
    $1600 12
fishing

Triple Stumper
    $1600 25
(Alex: Less than a minute to go now, Ryan.)

the boll weevil

Triple Stumper
    $2000 18
Franz Schubert

Triple Stumper
    $2000 7
Philadelphia

Triple Stumper
    $2000 5
(Ryan: What is Hokkaido?)

Honshu

RyanMary
    $2000 27
(Jeff: What is Light of August?)

Light in August

JeffMary
    $2000 13
(Jeff: What is a flow-chart?)

a feedback loop

Jeff
Triple Stumper
    $1,000 24
the Hercules beetle

Ryan

Scores at the end of the Double Jeopardy! Round:

Jeff Ryan Mary
$3,600 $9,400 $11,200

[wagering suggestions for these scores]

Final Jeopardy! Round responses

FIRST NAMES
(Alex: [To Ryan] You are correct. Hornblower and [*] the friend.)

[ZergCam]
JeffWho is Polonius?
$3,600
RyanWho is Horatio?
$2,199
MaryWho is Chronos
$7,400
Horatio

Final scores:

Jeff Ryan Mary
$0 $11,599 $3,800
3rd place: $1,000 New champion: $11,599 2nd place: $2,000

Game dynamics:

Coryat scores:

Jeff Ryan Mary
$4,600 $10,400 $10,400
15 R,
5 W
(including 1 DD)
18 R
(including 1 DD),
3 W
13 R
(including 1 DD),
2 W

Combined Coryat: $25,400

[game clues] [game scores] [suggest correction]

Game tape date: 2006-09-20
The J! Archive is created by fans, for fans. Scraping, republication, monetization, and malicious use prohibited; this site may use cookies and collect identifying information. See terms. The Jeopardy! game show and all elements thereof, including but not limited to copyright and trademark thereto, are the property of Jeopardy Productions, Inc. and are protected under law. This website is not affiliated with, sponsored by, or operated by Jeopardy Productions, Inc. Join the discussion at JBoard.tv.